000 00980nas a2200301 4500
001 BR2021000540
003 BR-BrBNA
005 20231205132216.0
007 ta
008 230509b bl.|||p| |||| 00| 00por d
040 _aBR-BrBNA
_bpor
_cBiblioteca Nacional de Agricultura
041 _a(Pt)
072 _aP40; U40
100 1 _aSilva, D.T.
100 1 _aBispo, B.R. da S.
100 1 _aAlmeida, A.Q. de
100 1 _aSilva, R.M. da
100 1 _aCruz, M.A.S.
245 1 _aPrecipitação estimada por sensoriamento remoto no estado de Sergipe
650 _aCLIMATOLOGIA
650 _aHIDROLOGIA
650 _aCHUVA
773 0 _tNativa. Pesquisas Agrárias e Ambientais (Brazil)
_xISSN 2318-7670
_g(Mar-Apr 2020), v. 8(2) p. 198-204
_wBR2021000540
856 4 0 _uhttps://periodicoscientificos.ufmt.br/ojs/index.php/nativa/article/view/7821/6921
856 4 0 _dLink DSPACE/MAPA BR2021000540
909 _a202311
_bLúcia
_c55
_dLúcia Elande
942 _2AGRIS
_n0
_cANA
999 _c259070
_d259070